| 000 | 01110nam0a2200313 i 4500 | ||
|---|---|---|---|
| 001 | RU\NLR\bibl\1948217 | ||
| 005 | 20241103145401.0 | ||
| 010 |
_a9785386038175 _95000 |
||
| 021 |
_aRU _b2012-64047 _94701 |
||
| 035 | _a(NLR Aleph) 001937392 | ||
| 090 |
_a3518582 _c3518581 |
||
| 100 | _a20120926d2012 u y0rusy50 ca | ||
| 101 | 0 | _arus | |
| 102 | _aRU | ||
| 105 | _aa ||||||||| | ||
| 200 | 1 |
_aДомашние тапочки ручной работы _fШилкова Е.А. |
|
| 210 |
_aМосква _cРИПОЛ классик _d2012 |
||
| 215 |
_a251, [2] c., [4] л. цв. ил. _cил. _d21 |
||
| 225 | 1 | _aШкола рукоделия | |
| 300 | _aВ вып. дан. ошибочно указан авт.: Серикова Галина Алексеевна | ||
| 300 | _aНа обл. авт. не указан | ||
| 606 |
_aТапки _92472288 _3RU\NLR\auth\661468236 |
||
| 686 | _aМ557.2 | ||
| 700 | 1 |
_aШилкова _bЕ. А. _gЕлена Александровна _4070 |
|
| 801 | 0 |
_aRU _bNLR _c20120926 _gRCR |
|
| 801 | 1 |
_aRU _bNLR _c20120926 |
|
| 942 | _cBOOK | ||
| 980 | _aNBR | ||